| 000 | 00712nam a22001577a 4500 | ||
|---|---|---|---|
| 003 | OSt | ||
| 005 | 20151203160736.0 | ||
| 008 | 151203b xxu||||| |||| 00| 0 eng d | ||
| 040 | _cRUA | ||
| 082 | _aFIS SEA 2009 B181 Or.1 | ||
| 100 |
_94238 _aSEAN, NY. |
||
| 245 | _aThe study of the water quality in cheung ek lake which rely on important pamater involing with aqutic plant, សិក្សាគុណភាពទឹកបឹងជើងឯ យោងទៅលើប៉ារ៉ាម៉ែត្រសំខាន់ៗដែលទាក់ទងទៅនឹងការដាំរុក្ខជាតិទឹក | ||
| 260 |
_aPhnom Penh _bRUA _c2009 |
||
| 300 |
_axiii; 58p. _bill. _c29cm. |
||
| 942 |
_2ddc _cFIS |
||
| 999 |
_c3954 _d3954 |
||